Remote sensing of human settlements
Αποθηκεύτηκε σε:
| Συγγραφή απο Οργανισμό/Αρχή: | |
|---|---|
| Άλλοι συγγραφείς: | , |
| Μορφή: | Βιβλίο |
| Γλώσσα: | English |
| Δημοσίευση: |
Bethesda, Md. :
American Society for Photogrammetry and Remote Sensing,
c2006
|
| Θέματα: | |
| Ετικέτες: |
Προσθήκη ετικέτας
Δεν υπάρχουν, Καταχωρήστε ετικέτα πρώτοι!
|
MARC
| LEADER | 00000nam a2200000 i 4500 | ||
|---|---|---|---|
| 001 | 1/87783 | ||
| 008 | 080604s2006 eng d | ||
| 020 | |a 1-57083-077-0 | ||
| 035 | |l 10097954 | ||
| 040 | |a GR-MY-UA |b gre |e aacr | ||
| 041 | 0 | |a eng | |
| 082 | 0 | |a 621.3678 |2 (22) | |
| 245 | 1 | 0 | |a Remote sensing of human settlements / |c edited by Merrill K. Ridd and James D. Hipple |
| 260 | |a Bethesda, Md. : |b American Society for Photogrammetry and Remote Sensing, |c c2006 | ||
| 300 | |a xxx, 752 [28] σ. φύλλα πινάκων; |b εικ. (μερ. έγχρ.), χάρτες; |c 26 εκ. | ||
| 500 | |a American Society for Photogrammetry and Remote Sensing = asprs | ||
| 504 | |a Περιέχει βιβλιογραφικές παραπομπές και ευρετήριο | ||
| 650 | 0 | 0 | |a Remote sensing. |
| 650 | 0 | 0 | |a Human settlements. |
| 650 | 0 | 0 | |a Land use |x Remote sensing. |
| 700 | 1 | |a Ridd, Merrill K. |4 edt | |
| 700 | 1 | |a Hipple, James D. |4 edt | |
| 710 | 2 | |a American Society for Photogrammetry and Remote Sensing. | |
| 774 | 1 | |t Manual of remote sensing | |
| 852 | |a INST |b LESVOS |e 20080604 |h 621.3678 REM |p 005100042312 |q 005100042312 |t BK |y 0 |z τ.5 | ||
| 852 | |a INST |b LESVOS |e 20080604 |h 621.3678 REM |p 005100042312 |q 005100042312 |t BK |v τ.5: |y 0 |z τ.5 | ||
| 853 | |a INST |b LESVOS |h 621.3678 REM | ||
| 901 | |a BIBL1-2008-2 | ||
| 909 | |a Λ |b 151584 | ||
| 922 | |a 1ΕΛΗ |b 200803 |c ΕΠΕΑΕΚ2/ΤΠ |d ΕΛΕΥΘΕΡΟΥΔΑΚΗΣ | ||
| 970 | |a ΓΙΑΛΑΜΑ |b ΜΑΡΙΑ |z 2008/06/04 | ||